00543nam a2200181Ia 4500008004100000020001800041040001900059041001200078082002500090100001600115245006400131250002600195260003000221300006400251650001400315700001400329850001800343131103s9999 xx 000 0 und d a91-7096-441-5 aLoreto College aEnglish a910/SINbLCBED/11397 aSingh, R.L. aElements of Practical geographycR.L.Singh & Rana P.B.Singh aRev. and enl. edition aNew DelhibKalyani c1992 axv, 456 p.b ill., charts, dia. fig., maps, tablesc 23 cm. aGeography aSingh,P.B aLCBED/910/SIN